00535nam a2200145Ia 4500008004100000020001800041082001200059100003400071245008600105260002100191500002500212942000700237952013000244999001500374260604s9999 xx 000 0 und d a9781786340658 a519 ALL aBy rory allen (author)935787 0aStatistics And Experimental Design For Psychologists: A Model Comparison Approach bWorld Scientific aStatstics, Psycholog cBK 00104070aIIMVbIIMVcREFERENCEd2026-06-04g5191.00l0o519 ALLp004236r2026-06-04 10:20:57v5191.00w2026-06-04yBKBALL c8618d8618